|
|
|
|
| LEADER |
00000cam a2200000 7i4500 |
| 001 |
0000032152 |
| 005 |
20150201.0 |
| 008 |
120523 |
| 020 |
|
|
|a 9810508565
|
| 090 |
0 |
0 |
|a 158.1
|b KHO
|
| 100 |
0 |
|
|a Khoo, Adam
|
| 245 |
1 |
0 |
|a Master your mind design your destiny :
|b proven strategies that empower you to achieve anything you want in life
|c Adam Khoo
|f Stuart Tan
|
| 260 |
|
|
|a Singapore :
|b Adam Khoo L.T.G ,
|c 2004
|
| 650 |
|
0 |
|a Business people Singapore
|
| 650 |
|
0 |
|a Success
|
| 650 |
|
0 |
|a Success psychological aspects
|
| 650 |
|
0 |
|a Success Singapore finecdotes
|
| 999 |
|
|
|a 0001023675
|b Book
|c Adult Collection
|e Perbadanan Perpustakaan Awam Johor
|
| 999 |
|
|
|a 0001023907
|b Book
|c Adult Collection
|e Perbadanan Perpustakaan Awam Johor
|